000 00687nam a2200217 a 4500
999 _c3731
_d3731
001 3731
003 BD-JhCC
005 20171118134755.0
008 171116s1964 bg |||| ||a| 000 0 ben d
035 _a(BD-JhCC)3731
040 _aBD-JhCC
_dBD-JhCC
041 _aben
082 _a294.363
_bJAT 1964
100 _aবড়ুয়া, শ্রীগিরিশচন্দ্র
245 _aজাতকের গল্প /
_cশ্রীগিরিশচন্দ্র বড়ুয়া
260 _aঢাকা :
_bবাংলা একাডেমী,
_c1964.
300 _a89 p. :
_billu;
_c21 cm.
650 _aShort Stories
942 _2ddc
_cBK